La luz del prisma : para comprender las organizaciónes educativas /

Guardado en:
Autor Principal: Santos Guerra, Miguel Angel
Formato: Libro
Publicado: Málaga : Aljibe, 1997
Series:Colección Biblioteca de Educación
Materias:
Etiquetas: Agregar Etiqueta
Sin Etiquetas, Sea el primero en etiquetar este registro!
LEADER 01388nam a22002655a 4500
001 CEM.cems009897
005 20080702122209.0
008 130507s1997##################000#0#####d
003 CEMS
020 |a 8487767648 
082 0 4 |a 371.2 
100 1 |a Santos Guerra, Miguel Angel 
245 1 0 |a La luz del prisma :  |b para comprender las organizaciónes educativas /  |c Miguel Angel Santos Guerra 
260 |a Málaga :  |b Aljibe,  |c 1997 
300 |a 274 p. 
490 0 |a Colección Biblioteca de Educación 
500 |a Red Federal de Formación Docente Continua 
505 0 |a Precisiones terminológicas -- La organización escolar en el marco de las ciencias de la educación -- Aproximación conceptual a la organización escolar -- La escuela como organización -- Estructura de la organización: la escuela como sistema de flujos -- El momento español: la reforma educativa de 1990 -- Corrientes explicativas en organización escolar -- Trilogía contemporánea de enfoques sobre organización escolar -- Investigar en organización o el arte de cambiar a través del conocimiento 
653 |a Administración escolar 
653 |a Educación 
653 |a Instituciones educativas 
653 |a Organización escolar 
859 |a CEMS  |b BIB. CEMS - 11 de abril  |h 371.2  |i Sa59  |p 20150.98  |t Ej.1 
859 |a CEMS  |b BIB. CEMS - 11 de abril  |h 371.2  |i Sa59  |p 20151.98  |t Ej.2 
859 |a CEMS  |b BIB. CEMS